000 01132nam a2200253 a 4500
001 BRCA_6048
005 20190320205319.0
008 180511s1929----u--######d---#000-0#eng-#
041 _aeng
044 _au
050 4 _aPC2640
_b.H84 1929
100 1 _aHugo, Charles
_915258
245 1 0 _aHugo Dictionnaire de Poche, Francais-Anglais et Anglais-Francais = Hugo´s Pocket Dictionary French-English and English-French
_bPrononciation figurée de chaque mot; tables comparatives de mesures, poids et monnaies; listes de noms géographiques, etc. = Imitated Pronunciation of every word; Comparative Tables of Measures, Weights, and Currencies; Lists of Geographical Names, etc.
_cCharles Hugo.
260 _aFiladelfia
_bDavid McKay Co.
_c1929
300 _a624 p.
_c12 cm.
500 _aDiccionario inventariado por Banco de México como libro.
500 _aL172C
546 _aTexto en: francés e inglés
650 1 4 _aFrancés
_vDiccionarios
_xInglés
_915259
650 1 4 _aInglés
_vDiccionarios
_xFrancés
_915260
740 0 _aHugo´s Pocket Dictionary French-English and English-French
902 _aGFM
942 _2lcc
_cB
999 _c5735
_d5735